000 00495cam a2200169 4500
001 D12437
008 090401t1930 xxu||||| |||| 00| 0 eng d
035 _a(Sirsi) u3516
041 _aeng
100 _aCole, W.E.
245 _aSystems of dairy farming college of Estate Management Reports of the College Travelling scholars in agriculture No 1
260 _aLondon
_bCollege of Estate Management
_c1930
350 _a0
520 _a2 copies; Shelf 152
942 _n0
948 _c04/03/1997
999 _c85895
_d85895